Statistics for Top Average States Wage Earnings

Click here to take the quiz!

General Stats

  • This quiz has been taken 7,016 times
    (51 since last reset)
  • The average score is 5 of 12

Answer Stats

HintAnswer% Correct
$97,925Massachusetts
94%
$93,517California
83%
$95,470New York
78%
90,128Washington
44%
$86,170New Jersey
33%
$86,235Connecticut
28%
$79,257Maryland
28%
$74,924Virginia
22%
$92,191Alaska
17%
$79,928New Hampshire
17%
$76,485Colorado
11%
$74,527Minnesota
6%

Score Distribution

Percentile by Number Answered

Percent of People with Each Score

Your Score History

You have not taken this quiz since the last reset